| 000 | 00503nam a2200181Ia 4500 | ||
|---|---|---|---|
| 999 |
_c29090 _d29090 |
||
| 003 | OSt | ||
| 005 | 20210106152941.0 | ||
| 008 | 190216s9999||||xx |||||||||||||| ||und|| | ||
| 020 | _a81770511490 | ||
| 040 | _coclc | ||
| 082 |
_a894.8127 _bSUK/C |
||
| 100 |
_aSukumar _96626 |
||
| 245 | 0 |
_aChirippusthakam / _cSukumar |
|
| 260 |
_bPrabhath Book House, _aThiruvananthapuram: _c2006. |
||
| 300 | _a168p | ||
| 650 | _aLekhanam | ||
| 942 |
_cBK _2ddc _h894.8127 _iSUK/C _k894.8127 _mSUK/C |
||